• 首页
  • 本馆介绍
  • 公告通知
  • 最新文献
  • 馆藏检索
  • 电子资源
  • 读者导购
  • 参考咨询
  • 我的图书馆
  • 登录
  • 详细信息显示
  • 放入我的书架
  • 预约/预借图书
  • 作者相关作品
  • 分类相关作品
  • 丛书相关作品
  • 出版社相关作品

书目信息

  • 表格格式
  • 工作单格式
  • 卡片格式
题名:
年轻的喝采
    
 
作者: 王勤 编
分册:  
出版信息: 北京   旅游教育出版社  1991
页数: 133页
开本: 20cm
丛书名:
单 册:
中图分类: J642.225.8
科图分类:
主题词: 音乐--作品--中国
电子资源:
ISBN: 7-5637-0211-3
000 00633nam0 2200205 45
001 0312221749
005 20060417154527.53
010    @a7-5637-0211-3@dCNY2.20
100    @a20031222d1991 km y0chiy0120 ea
101    @achi
102    @aCN@b110000
200 1  @a年轻的喝采@Anian qing de he cai@e台湾金曲龙虎榜精粹65首@f王勤编@FWang Qin Bian
210    @a北京@c旅游教育出版社@d1991
215    @a133页@d20cm
517 1  @a台湾金曲龙虎榜精粹65首@Atai wan jin qu long hu bang jing cui 65 shou
606 0  @a音乐@x作品@y中国
690    @aJ642.225.8@v3
701 0  @a王勤@4编
801    @aCN@bTSTCL@c20060417
905    @a213230@dJ642.225.8@e126
    
    年轻的喝采:台湾金曲龙虎榜精粹65首/王勤编.-北京:旅游教育出版社,1991
    133页;20cm
    
    
    ISBN 7-5637-0211-3:CNY2.20
    
●
相关链接 在E读中查询图书 在五车中查询图书 在当当中查询图书 在豆瓣中查询图书


正题名:年轻的喝采     索取号:J642.225.8/126         预约/预借

序号 登录号 条形码 馆藏地/架位号 状态 备注
1 0242181   001203913   密集书库/ [索取号:J642.225.8/126] 在馆    
2 0242182   001203922   密集书库/ [索取号:J642.225.8/126] 在馆    
3 0242183   001202674   密集书库/ [索取号:J642.225.8/126] 在馆    
4 0242185   001202665   密集书库/ [索取号:J642.225.8/126] 在馆    
5 0250015   001203931   密集书库/ [索取号:J642.225.8/126] 在馆    
6 0250016   001203940   密集书库/ [索取号:J642.225.8/126] 在馆    
7 0250017   001203959   密集书库/ [索取号:J642.225.8/126] 在馆    
8 0250018   001203968   密集书库/ [索取号:J642.225.8/126] 在馆    
9 0250019   202118653   第一样本阅览室/ [索取号:J642.225.8/126] 在馆    
唐山师范学院图书馆 欢迎您!
大连网信软件有限公司© 版权所有